书目信息 |
| 题名: |
新修订《中华人民共和国标准化法》百问百答
|
|
| 作者: | 田世宏 主编 | |
| 分册: | ||
| 出版信息: | 北京 中国标准出版社 2018 |
|
| 页数: | 406页 | |
| 开本: | 24cm | |
| 丛书名: | 权威解读 | |
| 单 册: | ||
| 中图分类: | D922.174-44 | |
| 科图分类: | ||
| 主题词: | 标准化法--biao zhun hua fa--中国--问题解答 | |
| 电子资源: | ||
| ISBN: | 978-7-5066-8778-2 | |
| 000 | 00991nam 2200277 450 | |
| 001 | 012001007859 | |
| 005 | 20131021151759.0 | |
| 010 | @a978-7-5066-8778-2@dCNY56.00 | |
| 099 | @aCAL 012018070104 | |
| 100 | @a20180612d2018 em y0chiy50 ea | |
| 101 | 0 | @achi |
| 102 | @aCN@b110000 | |
| 105 | @ak z 000yy | |
| 106 | @ar | |
| 200 | 1 | @a新修订《中华人民共和国标准化法》百问百答@Axin xiu ding 《 zhong hua ren min gong he guo biao zhun hua fa 》 bai wen bai da@f田世宏主编 |
| 210 | @a北京@c中国标准出版社@d2018 | |
| 215 | @a406页@d24cm | |
| 225 | 2 | @a权威解读 |
| 330 | @a本书介绍了新修订《中华人民共和国标准化法》的背景及概况、总则、标准的制定、标准的实施、监督管理、法律责任、附则等内容。 | |
| 410 | 0 | @12001 @a权威解读 |
| 517 | 1 | @a《中华人民共和国标准化法》百问百答 |
| 606 | 0 | @a标准化法@Abiao zhun hua fa@y中国@x问题解答 |
| 690 | @aD922.174-44@v5 | |
| 701 | 0 | @a田世宏@Atian shi hong@4主编 |
| 801 | 2 | @aCN@b上海新华@c20191020 |
| 905 | @b1180316-9@dD922.174-44@e2102@f4 | |
| 新修订《中华人民共和国标准化法》百问百答/田世宏主编.-北京:中国标准出版社,2018 |
| 406页;24cm.-(权威解读) |
| ISBN 978-7-5066-8778-2:CNY56.00 |
| 本书介绍了新修订《中华人民共和国标准化法》的背景及概况、总则、标准的制定、标准的实施、监督管理、法律责任、附则等内容。 |
| ● |
| 相关链接 |
|
|
|
|
正题名:新修订《中华人民共和国标准化法》百问百答
索取号:D922.174-44/2102
 
预约/预借
| 序号 | 登录号 | 条形码 | 馆藏地/架位号 | 状态 | 备注 |
| 1 | 1180316 | 211803164 | 第一样本阅览室/ [索取号:D922.174-44/2102] | 在馆 | |
| 2 | 1180317 | 211803173 | 第一借阅区/ [索取号:D922.174-44/2102] | 在馆 | |
| 3 | 1180318 | 211803182 | 第一借阅区/ [索取号:D922.174-44/2102] | 在馆 | |
| 4 | 1180319 | 211803191 | 第一借阅区/ [索取号:D922.174-44/2102] | 在馆 |